000 01036nab a2200325 4500
003 BR-BrBNA
005 20241112213750.0
008 241112b bl.||||| |||| 00| 0 por d
040 _aBR-BrBNA
_bpor
072 _aE16 ; E70
100 _aBoteon, Margarete
100 _aFerro, Aline Barrozo
100 _aDeleo, João Paulo Bernardes
245 _aRetrospectiva 2009 e perspectiva 2010
500 _a1 illus.; 2 tables; 1 graph
520 _aQUEDA NA EXPORTAÇÃO
520 _aALTA NA EXPORTAÇÃO
520 _aQUEDA NA IMPORTAÇÃO
520 _aALTA NA IMPORTAÇÃO
650 _aHORTALIÇA
650 _aLUCRO
650 _aFRUTA
650 _aPERDA
650 _aMERCADO INTERNO
650 _aEXPORTAÇÃO
650 _aCRESCIMENTO ECONÔMICO
773 0 _04115
_9345398
_dPiracicaba-SP Centro de Estudos Avançados em Economia Aplicada-CEPEA/USP/ESALQ 2002
_o2024-5932
_tHortifruti Brasil (Brazil)
_x1981-1837
_gv. 8(86) p. 10-13; (Dec 2009)
_wBR2024003368
942 _cANA
999 _c328600
_d328600